History Quiz

Random History Quiz
Score 0/29 Timer 07:00
0 Plays Today
Hint Answer % Correct
Leaders of Parties to win Seats in both the 2009 European Election and the 2010 General ElectionDavid Cameron
68.8%
Leaders of Parties to win Seats in both the 2009 European Election and the 2010 General ElectionGordon Brown
68.8%
Leaders of Parties to win Seats in both the 2009 European Election and the 2010 General ElectionAlex Salmond
65.6%
Leaders of Parties to win Seats in both the 2009 European Election and the 2010 General ElectionNick Clegg
65.6%
Leaders of Parties to win Seats in both the 2009 European Election and the 2010 General ElectionGerry Adams
65.6%
MPs to be the sole ever Representative of their party in the British House of Commons since 1900George Galloway
53.1%
Party Leaders of the Green PartyNatalie Bennett
50%
Party Leaders of the Green PartyJonathan Bartley
43.8%
Leaders of Parties to win Seats in both the 2009 European Election and the 2010 General ElectionIeuan Wyn Jones
40.6%
MPs to be the sole ever Representative of their party in the British House of Commons since 1900Jack Jones
40.6%
Debaters on Channel 4's December 2018 Brexit DebateJacob Rees-Mogg
40.6%
Leaders of Parties to win Seats in both the 2009 European Election and the 2010 General ElectionPeter Robinson
34.4%
Party Leaders of the Green PartySiân Berry
31.3%
MPs to be the sole ever Representative of their party in the British House of Commons since 1900Frank Field
28.6%
Debaters on Channel 4's December 2018 Brexit DebateBarry Gardiner
18.8%
Hint Answer % Correct
MPs to be the sole ever Representative of their party in the British House of Commons since 1900Ernest Taylor
15.6%
MPs to be the sole ever Representative of their party in the British House of Commons since 1900Richard Taylor
15.6%
Debaters on Channel 4's December 2018 Brexit DebateJames Cleverly
15.6%
MPs to be the sole ever Representative of their party in the British House of Commons since 1900Dai Davies
6.3%
MPs to be the sole ever Representative of their party in the British House of Commons since 1900John Stonehouse
6.3%
MPs to be the sole ever Representative of their party in the British House of Commons since 1900Victor Grayson
3.1%
MPs to be the sole ever Representative of their party in the British House of Commons since 1900Jack Beattie
3.1%
MPs to be the sole ever Representative of their party in the British House of Commons since 1900Edwin Scrymgeour
3.1%
MPs to be the sole ever Representative of their party in the British House of Commons since 1900Jack Beattie
3.1%
MPs to be the sole ever Representative of their party in the British House of Commons since 1900Harry Diamond
3.1%
MPs to be the sole ever Representative of their party in the British House of Commons since 1900Robert McCartney
3.1%
MPs to be the sole ever Representative of their party in the British House of Commons since 1900James Kilfedder
3.1%
MPs to be the sole ever Representative of their party in the British House of Commons since 1900John Dunlop
3.1%
MPs to be the sole ever Representative of their party in the British House of Commons since 1900Dick Taverne
3.1%
Remove Ads.
Support Sporcle.
Get the best of Sporcle when you Go Orange. This ad-free experience offers more features, more stats, and more fun while also helping to support Sporcle. Thank you for becoming a member.

You're not logged in!

Compare scores with friends on all Sporcle quizzes.
OR
Log In

You Might Also Like...

Show Comments

Extras

Created Dec 19, 2018ReportNominate
Tags:British Politics

Top Quizzes Today


Score Distribution

Your Account Isn't Verified!

In order to create a playlist on Sporcle, you need to verify the email address you used during registration. Go to your Sporcle Settings to finish the process.

Report this User

Report this user for behavior that violates our Community Guidelines.

Details: